000 00706cam a22002291 4500
001 sa 68008884
003 DLC
005 20260227112537.0
008 890925q19601969io 000 0 ind
010 _asa 68008884
035 _a(OCoLC)23541427
040 _aDLC
_cMiU
_dDLC
042 _apremarc
050 0 0 _aBP70
_b.A23
100 0 _aAbubakar Aceh,
_d1909-
245 1 0 _aKesutian empat imam mazhab,
_coleh H. Aboebakar Atjeh.
260 _aTjirebon,
_bToko Messir Abdullah bin Apiff
_c[196-?]
300 _a47 p.
_c15 cm.
500 _aImprint on cover: Toko Messir Abdullah bin Afiff.
505 1 _aAbu Hanifah.--2. Asj-Sjafi'l.--3. Imam Malik.--4. Imam Hanbali.
650 0 _aMuslims
_xBiography
999 _c82620
_d82620